| 000 | 00767nam a22002177a 4500 | ||
|---|---|---|---|
| 999 |
_c14074 _d14074 |
||
| 003 | AR-CdUCM | ||
| 008 | 190416b ||||| |||| 00| 0 spa d | ||
| 020 | _a978-603-4016-37-8 | ||
| 040 |
_aMUNICIPALIDAD PROVINCIAL DEL CUSCO _cBIBLIOTECA MUNICIPAL DEL CUSCO |
||
| 082 |
_aEP / 803 / _bE83 |
||
| 100 |
_aEslava, Jorge _925304 |
||
| 245 | _aFloretino, el guardador de secretos / | ||
| 260 |
_aLima : _bGrupo santillana, _c2008. |
||
| 300 |
_a118 paginas ; _c20 cm. |
||
| 440 |
_aAlfaguara juvenil. _932720 |
||
| 505 | _aContenido :La fiesta desastrosa -- El comienzo -- La casa de madera -- El papa de mi papa -- El paraĆso de las cosas viejas ... | ||
| 650 |
_aCuentos _9217 |
||
| 650 |
_aHistorietas _910786 |
||
| 942 |
_2ddc _cLIBROS |
||
| 945 |
_arum _d2019-04-22 |
||